Т. 89, № 12; Вестник Российской академии наук

Dades bibliogràfiques
Parent link:Вестник Российской академии наук: научный и общественно-политический журнал/ Российская академия наук (РАН). Т. 89, № 12.— , 1992-.— 0869-5873
Idioma:rus
Publicat: 2019
Accés en línia:https://journals.eco-vector.com/0869-5873/issue/view/1124
https://doi.org/10.31857/S0869-58738912
Format: MixedMaterials Electrònic Llibre
KOHA link:https://koha.lib.tpu.ru/cgi-bin/koha/opac-detail.pl?biblionumber=584858

MARC

LEADER 00000nam2a2200000 4500
001 584858
005 20231101131159.0
035 |a (RuTPU)RU\TPU\prd\286732 
035 |a RU\TPU\prd\286674 
090 |a 584858 
100 |a 20191224a19319999k y0rusy50 ca 
101 0 |a rus 
102 |a RU 
181 0 |a i  
182 0 |a b 
200 0 |a Т. 89, № 12  |b Электронный ресурс 
203 |a Текст  |c электронный 
210 |d 2019 
461 1 |0 (RuTPU)RU\TPU\prd\578  |x 0869-5873  |t Вестник Российской академии наук  |o научный и общественно-политический журнал  |f Российская академия наук (РАН)  |v Т. 89, № 12  |d 1992- 
801 0 |a RU  |b 63413507  |c 20010227  |g PSBO 
801 1 |a RU  |b 63413507  |c 20170713 
801 2 |a RU  |b 63413507  |c 20191224  |g RCR 
856 4 0 |u https://journals.eco-vector.com/0869-5873/issue/view/1124 
856 4 0 |u https://doi.org/10.31857/S0869-58738912 
942 |c BK